MARC

Tag First Indicator Second Indicator Subfields
LEADER 00000cam a22000001a 4500
001 in00004153045
005 20200117100412.0
006 m d f
007 cr bn mmmapmmp
008 150724s2015 mdu o f000 0 eng d
035 |a chdc20150479 
040 |a UMI  |c UMI  |d UtOrBLW 
043 |a a-ir--- 
086 0 |a Y 4.F 76/1:114-16 
110 1 |a United States.  |b Congress.  |b House.  |b Committee on Foreign Affairs.  |b Subcommittee on Africa, Global Health, Global Human Rights, and International Organizations.  |0 http://id.loc.gov/authorities/names/no2013078745 
245 1 4 |a The Shame of Iranian Human Rights. 
264 1 |a Bethesda, Md. :  |b ProQuest,  |c 2015. 
300 |a 56 pages, digital, PDF file. 
336 |a text  |b txt  |2 rdacontent 
337 |a computer  |b c  |2 rdamedia 
338 |a online resource  |b cr  |2 rdacarrier 
500 |a Record is based on bibliographic data in ProQuest U.S. Congressional Hearings Digital Collection. Reuse except for individual research requires license from ProQuest, LLC. 
500 |a Electronic resource. 
533 |a Electronic reproduction.  |b [Bethesda, Md.] :  |c ProQuest,  |d 2015.  |e digital, PDF file.  |n ProQuest Congressional Hearings Digital Collection.  |n Mode of access: World Wide Web via ProQuest website. 
538 |a System requirements: PDF reader software. 
650 0 |a Freedom of religion  |z Iran. 
650 0 |a Human rights  |z Iran.  |0 http://id.loc.gov/authorities/subjects/sh2008122079 
650 0 |a Minorities  |z Iran. 
710 1 |a United States.  |b Congress.  |b House.  |b Committee on Foreign Affairs.  |b Subcommittee on the Middle East and North Africa.  |0 http://id.loc.gov/authorities/names/no2013046672 
776 0 8 |i Microfiche version:  |a United States. Congress. House. Committee on Foreign Affairs. Subcommittee on Africa, Global Health, Global Human Rights, and International Organizations.  |t Shame of Iranian Human Rights  |o CIS 2015 H381-38  |w cis20151528 
856 4 0 |u http://proxy.library.tamu.edu/login?url=http://search.proquest.com/congcomp/getdoc?HEARING-ID=HRG-2015-FOA-0021  |y Electronic resource (PDF)  |z CIS 2015-H381-38  |t 0 
998 |a cis20151528 
999 f f |s 6879bd40-1735-34a4-a31f-be784d411246  |i 4b0e0b85-3986-3b34-a5bf-1dc656c9f6b1  |t 0 
952 f f |a Texas A&M University  |b College Station  |c Electronic Resources  |d Available Online  |t 0  |e Y 4.F 76/1:114-16  |h Superintendent of Documents classification 
998 f f |a Y 4.F 76/1:114-16  |t 0  |l Available Online